{"text_format":"3","workbook":"xlsx","n_sheets":3,"sheets":["Inventurliste","Auswertung","Einstellungen"],"not_rendered":{"defined_names":1},"read":"whole","date_system":"1900"}

{"sheet":"Inventurliste","index":0,"n_rows":35,"n_cols":14,"rows_kept":35,"merged":[[0,0,1,1],[0,2,0,13],[1,2,1,13],[2,0,2,1],[2,2,2,5],[2,6,2,7],[2,8,2,13],[3,0,3,1],[3,2,3,5],[3,6,3,7],[3,8,3,13],[4,0,4,1],[4,2,4,5],[4,6,4,7],[4,8,4,13],[31,0,31,9],[31,12,31,13],[33,0,33,2],[33,3,33,5],[33,6,33,7],[33,8,33,10],[34,0,34,2],[34,3,34,5],[34,6,34,7],[34,8,34,10]]}
["◧",null,"INVENTURLISTE 2026"]
[null,null,"Bestandsaufnahme · Jahres- und Stichtagsinventur · Soll-Ist-Abgleich"]
["Unternehmen",null,"Musterbetrieb GmbH",{"$nulls":3},"Stichtag",null,"2026-12-31"]
["Aufnahmebereich",null,"Hauptlager – Halle A bis C",{"$nulls":3},"Inventurart",null,"Stichtagsinventur (§ 240 HGB)"]
["Aufgenommen von",null,"M. Berger",{"$nulls":3},"Blatt-Nr.",null,"1 von 1"]
[]
["Pos.","Artikel-Nr.","Artikelbezeichnung","Warengruppe","Lagerort","Einheit","Soll","Ist","Diff.","Einzelwert","Gesamtwert","Diff.-Wert","Status","Bemerkung"]
[1,"WR-1001","Kunststoffbehälter 20 L, stapelbar","Handelswaren","Halle A – Regal 03","Stk.",80,78,{"$f":"IF(OR(G8=\"\",H8=\"\"),\"\",H8-G8)","v":-2},{"v":6.9,"d":"6.90 €"},{"$f":"IF(OR(H8=\"\",J8=\"\"),\"\",H8*J8)","v":{"v":538.2,"d":"538.20 €"}},{"$f":"IF(I8=\"\",\"\",I8*J8)","v":{"v":-13.8,"d":"-13.80 €"}},{"$f":"IF(H8=\"\",\"\",IF(H8=G8,\"OK\",IF(H8<G8,\"Fehlbestand\",\"Überbestand\")))","v":"Fehlbestand"}]
[2,"ES-2007","Edelstahlschraube M6×40 (VE 100)","Ersatzteile","Halle B – Regal 05","Pkt.",150,150,0,{"v":3.2,"d":"3.20 €"},{"v":480,"d":"480.00 €"},{"v":0,"d":"0.00 €"},"OK"]
[3,"RO-3010","Aluminiumprofil 40×40, 2 m","Rohstoffe","Außenlager – Gestell 2","Stk.",40,37,-3,{"v":12.5,"d":"12.50 €"},{"v":462.5,"d":"462.50 €"},{"v":-37.5,"d":"-37.50 €"},"Fehlbestand","3 Stk. verbaut"]
[4,"VP-4005","Faltkarton 400×300×300 mm","Verpackung","Halle C – Regal 11","Stk.",500,512,{"v":12,"d":"+12"},{"v":0.85,"d":"0.85 €"},{"v":435.2,"d":"435.20 €"},{"v":10.2,"d":"10.20 €"},"Überbestand","Nachlieferung erfasst"]
[5,"BS-5002","Reinigungskonzentrat, 5 L","Betriebsstoffe","Chemielager – Fach 04","Kanister",25,24,-1,{"v":18.4,"d":"18.40 €"},{"v":441.59999999999997,"d":"441.60 €"},{"v":-18.4,"d":"-18.40 €"},"Fehlbestand"]
[6,"WZ-6001","Akkuschrauber 18 V","Werkzeuge","Werkstatt – Schrank 01","Stk.",10,9,-1,{"v":89,"d":"89.00 €"},{"v":801,"d":"801.00 €"},{"v":-89,"d":"-89.00 €"},"Fehlbestand","1 in Reparatur"]
[7,"HW-1020","LED-Panel 60×60 cm, 40 W","Handelswaren","Halle A – Regal 07","Stk.",60,60,0,{"v":22.3,"d":"22.30 €"},{"v":1338,"d":"1,338.00 €"},{"v":0,"d":"0.00 €"},"OK"]
[8,"RO-3011","Buchen-Leimholzplatte 18 mm","Rohstoffe","Halle B – Regal 02","Platte",35,33,-2,{"v":15.8,"d":"15.80 €"},{"v":521.4,"d":"521.40 €"},{"v":-31.6,"d":"-31.60 €"},"Fehlbestand"]
[9,"VP-4006","Luftpolsterfolie, 100 m Rolle","Verpackung","Halle C – Regal 12","Rolle",20,22,{"v":2,"d":"+2"},{"v":24.9,"d":"24.90 €"},{"v":547.8,"d":"547.80 €"},{"v":49.8,"d":"49.80 €"},"Überbestand"]
[10,"ES-2015","Dichtungsring-Sortiment (30-tlg.)","Ersatzteile","Halle B – Regal 06","Set",45,41,-4,{"v":4.6,"d":"4.60 €"},{"v":188.6,"d":"188.60 €"},{"v":-18.4,"d":"-18.40 €"},"Fehlbestand"]
[11,"BM-7001","Kopierpapier A4, 80 g (Karton)","Büromaterial","Büro – Lager","Karton",30,30,0,{"v":21.5,"d":"21.50 €"},{"v":645,"d":"645.00 €"},{"v":0,"d":"0.00 €"},"OK"]
[12,"BS-5003","Schmieröl SAE 30, 10 L","Betriebsstoffe","Chemielager – Fach 05","Kanister",15,13,-2,{"v":34,"d":"34.00 €"},{"v":442,"d":"442.00 €"},{"v":-68,"d":"-68.00 €"},"Fehlbestand","Verbrauch Wartung"]
[13,{"$nulls":7},"",null,"","",""]
[14,{"$nulls":7},"",null,"","",""]
[15,{"$nulls":7},"",null,"","",""]
[16,{"$nulls":7},"",null,"","",""]
[17,{"$nulls":7},"",null,"","",""]
[18,{"$nulls":7},"",null,"","",""]
[19,{"$nulls":7},"",null,"","",""]
[20,{"$nulls":7},"",null,"","",""]
[21,{"$nulls":7},"",null,"","",""]
[22,{"$nulls":7},"",null,"","",""]
[23,{"$nulls":7},"",null,"","",""]
[24,{"$nulls":7},"",null,"","",""]
["GESAMTWERT INVENTAR (Ist-Bestand)",{"$nulls":9},{"$f":"SUM(K8:K31)","v":{"v":6841.3,"d":"6,841.30 €"}},{"$f":"SUM(L8:L31)","v":{"v":-216.70000000000002,"d":"-216.70 €"}},"Netto-Differenz →"]
[]
["Gezählt (Aufnahme):",null,null,"________________________",null,null,"Datum:",null,"____________"]
["Geprüft (Kontrolle):",null,null,"________________________",null,null,"Unterschrift:",null,"____________"]

{"sheet":"Auswertung","index":1,"n_rows":32,"n_cols":6,"rows_kept":32,"merged":[[0,0,0,5],[1,0,1,5],[3,0,3,1],[3,3,3,4],[4,0,4,1],[4,3,4,4],[6,0,6,1],[6,3,6,4],[7,0,7,1],[7,3,7,4],[9,0,9,1],[9,3,9,4],[10,0,10,1],[10,3,10,4],[13,0,13,5],[14,0,14,2],[15,0,15,2],[16,0,16,2],[17,0,17,2],[18,0,18,2],[19,0,19,2],[20,0,20,2],[21,0,21,2],[22,0,22,2],[24,0,24,5],[25,0,25,2],[25,3,25,5],[26,0,26,2],[26,3,26,5],[27,0,27,2],[27,3,27,5],[28,0,28,2],[28,3,28,5],[29,0,29,2],[29,3,29,5],[30,0,30,2],[30,3,30,5],[31,0,31,5]]}
["AUSWERTUNG & LAGERKENNZAHLEN"]
["Automatische Übersicht – aktualisiert sich mit den Eingaben der Inventurliste 2026"]
[]
["INVENTARWERT GESAMT",null,null,"POSITIONEN ERFASST"]
[{"$f":"SUM(Inventurliste!K8:K31)","v":{"v":6841.3,"d":"6,841.30 €"}},null,null,{"$f":"COUNTA(Inventurliste!B8:B31)","v":12}]
[]
["BESTANDSDIFFERENZ (€)",null,null,"POSITIONEN MIT FEHLBESTAND"]
[{"$f":"SUM(Inventurliste!L8:L31)","v":{"v":-216.70000000000002,"d":"-216.70 €"}},null,null,{"$f":"COUNTIF(Inventurliste!M8:M31,\"Fehlbestand\")","v":7}]
[]
["POSITIONEN MIT ÜBERBESTAND",null,null,"Ø WERT JE POSITION"]
[{"$f":"COUNTIF(Inventurliste!M8:M31,\"Überbestand\")","v":2},null,null,{"$f":"IFERROR(SUM(Inventurliste!K8:K31)/COUNTA(Inventurliste!B8:B31),0)","v":{"v":570.1083333333333,"d":"570.11 €"}}]
[]
[]
["Wert je Warengruppe"]
["Warengruppe",null,null,"Positionen","Wert (€)","Anteil"]
["Handelswaren",null,null,{"$f":"COUNTIF(Inventurliste!D8:D31,A16)","v":2},{"$f":"SUMIF(Inventurliste!D8:D31,A16,Inventurliste!K8:K31)","v":{"v":1876.2,"d":"1,876.20 €"}},{"$f":"IFERROR(E16/E23,0)","v":{"v":0.27424612281291566,"d":"27.4%"}}]
["Rohstoffe",null,null,{"$f":"COUNTIF(Inventurliste!D8:D31,A17)","v":2},{"$f":"SUMIF(Inventurliste!D8:D31,A17,Inventurliste!K8:K31)","v":{"v":983.9,"d":"983.90 €"}},{"$f":"IFERROR(E17/E23,0)","v":{"v":0.14381769546723575,"d":"14.4%"}}]
["Betriebsstoffe",null,null,{"$f":"COUNTIF(Inventurliste!D8:D31,A18)","v":2},{"$f":"SUMIF(Inventurliste!D8:D31,A18,Inventurliste!K8:K31)","v":{"v":883.5999999999999,"d":"883.60 €"}},{"$f":"IFERROR(E18/E23,0)","v":{"v":0.1291567392162308,"d":"12.9%"}}]
["Verpackung",null,null,{"$f":"COUNTIF(Inventurliste!D8:D31,A19)","v":2},{"$f":"SUMIF(Inventurliste!D8:D31,A19,Inventurliste!K8:K31)","v":{"v":983,"d":"983.00 €"}},{"$f":"IFERROR(E19/E23,0)","v":{"v":0.14368614152280998,"d":"14.4%"}}]
["Ersatzteile",null,null,{"$f":"COUNTIF(Inventurliste!D8:D31,A20)","v":2},{"$f":"SUMIF(Inventurliste!D8:D31,A20,Inventurliste!K8:K31)","v":{"v":668.6,"d":"668.60 €"}},{"$f":"IFERROR(E20/E23,0)","v":{"v":0.09772996360340871,"d":"9.8%"}}]
["Werkzeuge",null,null,{"$f":"COUNTIF(Inventurliste!D8:D31,A21)","v":1},{"$f":"SUMIF(Inventurliste!D8:D31,A21,Inventurliste!K8:K31)","v":{"v":801,"d":"801.00 €"}},{"$f":"IFERROR(E21/E23,0)","v":{"v":0.11708301053893265,"d":"11.7%"}}]
["Büromaterial",null,null,{"$f":"COUNTIF(Inventurliste!D8:D31,A22)","v":1},{"$f":"SUMIF(Inventurliste!D8:D31,A22,Inventurliste!K8:K31)","v":{"v":645,"d":"645.00 €"}},{"$f":"IFERROR(E22/E23,0)","v":{"v":0.09428032683846638,"d":"9.4%"}}]
["Summe",null,null,{"$f":"SUM(D16:D22)","v":12},{"$f":"SUM(E16:E22)","v":{"v":6841.3,"d":"6,841.30 €"}},{"$f":"IFERROR(E23/E23,0)","v":{"v":1,"d":"100.0%"}}]
[]
["Lagerkennzahlen (Jahresbasis)"]
["Wareneinsatz (€ / Jahr)",null,null,{"v":42000,"d":"42,000.00 €"}]
["Lagerbestand Jahresanfang (€)",null,null,{"v":6200,"d":"6,200.00 €"}]
["Lagerbestand Jahresende (€)",null,null,{"$f":"SUM(Inventurliste!K8:K31)","v":{"v":6841.3,"d":"6,841.30 €"}}]
["Ø Lagerbestand (€)",null,null,{"$f":"(D27+D28)/2","v":{"v":6520.65,"d":"6,520.65 €"}}]
["Lagerumschlagshäufigkeit",null,null,{"$f":"IFERROR(D26/D29,0)","v":{"v":6.4410756596351595,"d":"6.44 ×"}}]
["Ø Lagerdauer (Tage)",null,null,{"$f":"IFERROR(360/D30,0)","v":{"v":55.89128571428571,"d":"56 Tage"}}]
["Formeln: Ø Lagerbestand = (Anfang + Ende) / 2 · Umschlag = Wareneinsatz / Ø Lagerbestand · Lagerdauer = 360 / Umschlag.  Blaue Felder sind Eingaben, der Endbestand zieht automatisch die Inventurliste."]

{"sheet":"Einstellungen","index":2,"n_rows":36,"n_cols":5,"rows_kept":36,"merged":[[0,0,0,4],[1,0,1,4],[18,0,18,4],[19,0,19,4],[20,0,20,4],[21,0,21,4],[22,0,22,4],[24,0,24,4],[25,0,25,4],[26,0,26,4],[27,0,27,4],[28,0,28,4],[29,0,29,4],[31,0,31,4],[32,0,32,4],[33,0,33,4],[34,0,34,4],[35,0,35,4]]}
["EINSTELLUNGEN · AUSWAHLLISTEN & ANLEITUNG"]
["Diese Werte speisen die Dropdown-Menüs der Inventurliste. Anpassbar."]
[]
["Warengruppe",null,"Einheit",null,"Lagerort"]
["Handelswaren",null,"Stk.",null,"Halle A – Regal 03"]
["Rohstoffe",null,"Pkt.",null,"Halle A – Regal 07"]
["Betriebsstoffe",null,"Karton",null,"Halle B – Regal 02"]
["Verpackung",null,"Palette",null,"Halle B – Regal 05"]
["Ersatzteile",null,"kg",null,"Halle B – Regal 06"]
["Werkzeuge",null,"Liter",null,"Halle C – Regal 11"]
["Büromaterial",null,"Meter",null,"Halle C – Regal 12"]
[null,null,"Rolle",null,"Außenlager – Gestell 2"]
[null,null,"Set",null,"Chemielager – Fach 04"]
[null,null,"Kanister",null,"Chemielager – Fach 05"]
[null,null,"Platte",null,"Werkstatt – Schrank 01"]
[{"$nulls":4},"Büro – Lager"]
[]
[]
["Legende – so wird die Liste ausgefüllt"]
["• Weiße Felder werden manuell ausgefüllt (Artikel-Nr., Bezeichnung, Soll, Ist, Einzelwert, Bemerkung)."]
["• Grau hinterlegte Spalten (Diff., Gesamtwert, Diff.-Wert, Status) berechnen sich automatisch – nicht überschreiben."]
["• Dropdown-Felder: Warengruppe, Lagerort und Einheit über das Pfeil-Symbol auswählen."]
["• Stichtag im Format TT.MM.JJJJ eintragen. Gesamtwert = Ist-Menge × Einzelwert."]
[]
["Pflichtangaben nach § 240 HGB"]
["✓ Artikel-Nr. und eindeutige Bezeichnung"]
["✓ Gezählte Menge (Ist) und Mengeneinheit"]
["✓ Lagerort der Ware"]
["✓ Einzel- und Gesamtwert je Position"]
["✓ Unterschrift der zählenden Person und Datum"]
[]
["In 4 Schritten zur Inventur"]
["1. Vorbereitung – Bereiche festlegen, Listen nummerieren, beschädigte Ware kennzeichnen."]
["2. Zählung – systematisch zählen, 4-Augen-Prinzip, Eintrag mit Kugelschreiber."]
["3. Bewertung – Ist erfassen, Soll-Ist-Differenzen prüfen und klären."]
["4. Abschluss – Differenzen buchen, Unterlagen 10 Jahre aufbewahren."]